000 01386nam0a22003251 4500
001 RU\NLR\INFOCOMM_17\5000672849
005 20250613095719.0
035 _a(NLR Aleph) 009304158
090 _a9297249
_c9297249
100 _a20101027d1992 |||y0rusy50 ca
101 0 _aeng
_drus
102 _aRU
105 _aa ||||000|y
200 1 _aNovel approach to the determination of muon sticking to helium in the μCF reactions
_fV. V. Filchenkov
210 _aДубна
_cОбъед. ин-т ядер. исслед.
_d1992
215 _a4 с.
_cграф.
_d21 см
225 1 _aОбъединенный институт ядерных исследований, Дубна
_vЕ15-92-315
300 _aНа 3-й с. обл.: Новый подход к определению вероятности прилипания мюона к гелию в реакциях мюонного катализа / Фильченков В. В.
300 _aРез. на рус. яз.
300 _a"Submitted to "Muon catalyzed fusion""
320 _aБиблиогр.: с. 4
606 _aМюонный катализ
_2nlr_sh1
686 _aГ555.2
_2rubbk
700 1 _9z01790
_aFil'čenkov
_bV. V.
_gVladimir Vladimirovič
_4070
790 1 _9z01700
_aFilchenkov
_bV. V.
_4070
801 1 _aRU
_bNLR
_c20101027
801 0 _aRU
_bNLR
_gPSBO
852 _aNLR
_jХ01 Д-4/251
942 _cBOOK
980 _aNB